000 00384nam a22001697a 4500
003 UA-OsUOA
001 2870
007 ta
008 20050721b un ||||| |||| 00| 0 ukr d
100 _aNolan
700 _aWilliam F.
942 _cBK
040 _aUA-OsUOA
_cUA-OsUOA
_dUA-OsUOA
245 _aMax Brand's best western stories. Volume 2.
_bFiction
955 _a2
650 7 _2UDC
999 _c289032
_d289032